000 00344 a2200157 4500
001 46732
020 _a9788540505896
040 _cAnchieta - Aquarius
100 _aRoy, Sandrine Dumas
240 1 0 _aPlaneta quente
_lpor
245 1 0 _aPlaneta quente
300 _a36
362 0 _a2014
650 4 _aLiteratura infanto-juvenil
942 _cBK
999 _c46732
_d46732